Los mejores relatos de ciencia ficción (Registro nro. 19310)

Detalles MARC
000 -CABECERA
Longitud fija campo de control 00803nam a22002411i 4500
001 - NÚMERO DE CONTROL
Número de control bimo0001171178
003 - IDENTIFICADOR DELl NÚMERO DE CONTROL
Identificador del número de control OSt
005 - FECHA Y HORA DE LA ÚLTIMA TRANSACCIÓN
Fecha y hora de la última transacción 20150306143834.0
008 - CÓDIGOS DE INFORMACIÓN DE LONGITUD FIJA
Códigos de información de longitud fija 930725s1976 sp spa
020 ## - NÚMERO INTERNACIONAL NORMALIZADO PARA LIBROS
Número Internacional Normalizado para Libros (ISBN) 84-02-00498-9
040 ## - FUENTE DE LA CATALOGACIÓN
Centro transcriptor BMC
082 ## - NÚMERO DE LA CLASIFICACIÓN DECIMAL DEWEY
Númeroo de clasificación 808.0689
245 04 - MENCIÓN DE TÍTULO
Título Los mejores relatos de ciencia ficción
Mención de responsabilidad, etc. presentación de Narciso Ibáñez Serrador: selección de Groff Conklin ; [traducción, Carlos Murciano [et al.]
250 ## - MENCIÓN DE EDICIÓN
Mención de edición 8ª ed
260 ## - PUBLICACIÓN, DISTRIBUCIÓN, ETC. (PIE DE IMPRENTA)
Lugar de publicación, distribución, etc. Barcelona
Nombre del editor, distribuidor, etc. Bruguera
Fecha de publicación, distribución, etc. 1976
300 ## - DESCRIPCIÓN FÍSICA
Extensión 558 p.
Dimensiones 17 cm
490 0# - MENCIÓN DE SERIE
Mención de serie Libro Amigo ; Ciencia ficción
Designación de volumen o secuencia 43
650 24 - PUNTO DE ACCESO ADICIONAL DE MATERIA - TÉRMINO DE MATERIA
Término de materia o nombre geográfico como elemento inicial Cuentos de ciencia ficción
9 (RLIN) 29319
700 1# - PUNTO DE ACCESO ADICIONAL - NOMBRE DE PERSONA
Nombre de persona Ibáñez Serrador, Chicho
Fechas asociadas al nombre 1935-
9 (RLIN) 29322
700 1# - PUNTO DE ACCESO ADICIONAL - NOMBRE DE PERSONA
Nombre de persona Conklin, Groff
9 (RLIN) 32445
Fechas asociadas al nombre 1904-1968
700 1# - PUNTO DE ACCESO ADICIONAL - NOMBRE DE PERSONA
Nombre de persona Murciano, Carlos
9 (RLIN) 29549
942 ## - ENTRADA DE ELEMENTOS AGREGADOS (KOHA)
Fuente de clasificaión o esquema Dewey Decimal Classification
Koha [por defecto] tipo de item 1- Monografias
Parte de clasificación ahoj
Existencias
Suprimido Perdido Fuente de clasificación o esquema Estropeado Restricciones de uso No para préstamo Código de colección Localización permanente Localización actual Localización en estanter&íacute;as Fecha adquisición Fuente de adquisición Número de inventario Préstamos totales Signatura completa Código de barras Fecha última consulta Coste, precio reemplazado Fecha del precio de reemplazo Tipo de item de Koha
NULL NULL Dewey Decimal Classification NULL Prestable NULL NULL Biblioteca Miguel de Cervantes - UNICAES Biblioteca Miguel de Cervantes - UNICAES Sala Principal 12/03/2015 Donación - Oyarzun 028915   C MEJ 1029525 12/03/2015 24.00 12/03/2015 1- Monografias